| 000 | 00988nam a22002657a 4500 | ||
|---|---|---|---|
| 005 | 20150313152740.0 | ||
| 010 | _aENG-112114 | ||
| 020 |
_a9780198089643 _c895.00 |
||
| 035 | _aEN-95646 | ||
| 037 | _bDBAD/PUB | ||
| 082 | _a915.41 | ||
| 245 |
_aAn anthology of writings on the Ganga : _cedited by Assa Doron, Richard Barz [and] Barbara Nelson _bgoddess and river in history, culture, and society / |
||
| 260 |
_aNew Delhi _bOxford University Press _c2015 |
||
| 270 |
_aYMCA Library Building, 1, Jai Singh Road, _bNew Delhi _e110001 |
||
| 300 |
_axviii,356p. : _c23cm(Hb) _bmap(b&w) |
||
| 500 | _a Contributed articles. | ||
| 500 | _aSome translated from various languages. | ||
| 500 | _a Includes bibliographical references and index. | ||
| 650 |
_aGanga (Hindu deity) _xCults _z India. |
||
| 650 |
_a Water _xReligious aspects _xHinduism. |
||
| 700 | _a Doron, Assa | ||
| 700 | _aBarz, R. K. | ||
| 700 | _aNelson, Barbara | ||
| 942 |
_2ddc _cEN _mANT _h915.41 |
||
| 999 |
_c91273 _d91273 |
||